| 000 | 00576nam a2200193Ia 4500 | ||
|---|---|---|---|
| 999 |
_c32172 _d32172 |
||
| 003 | OSt | ||
| 005 | 20200728104530.0 | ||
| 008 | 190216s9999||||xx |||||||||||||| ||und|| | ||
| 020 | _a9788120318885 | ||
| 040 | _coclc | ||
| 082 |
_a510.7 _bPOL/H |
||
| 100 |
_aPolya, G _93810 |
||
| 245 | 0 |
_aHow To Solve It : _bA New Aspect Of Mathematical Method / _cG Polya |
|
| 250 | _a2nd Ed. | ||
| 260 |
_bPrentice Hall Of India Pvt Ltd, _aNew Delhi: _c2007. |
||
| 300 | _a253p | ||
| 650 | _aMathematical Geography | ||
| 942 |
_cBK _2ddc _h510.7 _iPOL/H _k510.7 _mPOL/H |
||